Modern control systems / (Record no. 2488)

MARC details
000 -LEADER
fixed length control field 00870nam a22002537a 4500
003 - CONTROL NUMBER IDENTIFIER
control field OSt
005 - DATE AND TIME OF LATEST TRANSACTION
control field 20250109010829.0
008 - FIXED-LENGTH DATA ELEMENTS--GENERAL INFORMATION
fixed length control field 250109b |||||||| |||| 00| | eng d
020 ## - INTERNATIONAL STANDARD BOOK NUMBER
International Standard Book Number 0-201-45581-1
040 ## - CATALOGING SOURCE
Transcribing agency JMCFI - Learning Resource Center
082 ## - DEWEY DECIMAL CLASSIFICATION NUMBER
Classification number F.P./Eng'g. 629.8'3 D695 1998
100 ## - MAIN ENTRY--PERSONAL NAME
Personal name Dorf, Richard C
9 (RLIN) 5168
245 ## - TITLE STATEMENT
Title Modern control systems /
Statement of responsibility, etc. Richard C. Dorf and Robert H. Bishop.
250 ## - EDITION STATEMENT
Edition statement Eighth edition.
260 ## - PUBLICATION, DISTRIBUTION, ETC.
Place of publication, distribution, etc. Menlo Park :
Name of publisher, distributor, etc. Addison Wesley Longman, Inc.,
Date of publication, distribution, etc. 1998.
300 ## - PHYSICAL DESCRIPTION
Extent xxiv, 855 pages :
Other physical details black and white, illus. ;
Dimensions 20 cm
500 ## - GENERAL NOTE
General note Includes indexes.
504 ## - BIBLIOGRAPHY, ETC. NOTE
Bibliography, etc. note Includes bibliographical references.
650 ## - SUBJECT ADDED ENTRY--TOPICAL TERM
Topical term or geographic name entry element Feedback control systems.
9 (RLIN) 5169
650 ## - SUBJECT ADDED ENTRY--TOPICAL TERM
Topical term or geographic name entry element Control theory.
9 (RLIN) 5170
650 ## - SUBJECT ADDED ENTRY--TOPICAL TERM
Topical term or geographic name entry element Mathematical models of systems.
9 (RLIN) 5171
700 ## - ADDED ENTRY--PERSONAL NAME
Personal name Bishop, Robert H
9 (RLIN) 5172
942 ## - ADDED ENTRY ELEMENTS (KOHA)
Source of classification or shelving scheme Dewey Decimal Classification
Koha item type Books
Edition Eighth edition
Suppress in OPAC No
Holdings
Withdrawn status Lost status Source of classification or shelving scheme Damaged status Not for loan Home library Current library Shelving location Date acquired Total Checkouts Full call number Barcode Date last seen Copy number Price effective from Koha item type
    Dewey Decimal Classification     LRC - College (Main) LRC - College (Main) Foreign Publications - Engineering 01/12/2004   F.P./Eng'g. 629.8'3 D695 1998 c1 00004623 01/09/2025 1 01/09/2025 Books
    Dewey Decimal Classification     LRC - College (Main) LRC - College (Main) Foreign Publications - Engineering 01/12/2004   F.P./Eng'g. 629.8'3 D695 1998 c2 00004624 01/09/2025 2 01/09/2025 Books